Chest medicine: essentials of pulmonary and critical care medicine. (4th ed.) (Record no. 30958)

MARC details
000 -LEADER
fixed length control field 00871nam a2200229 a 4500
008 - FIXED-LENGTH DATA ELEMENTS--GENERAL INFORMATION
fixed length control field 110928s2000 ||||||||||||||||| || u
020 ## - INTERNATIONAL STANDARD BOOK NUMBER
International Standard Book Number 0683306677
050 ## - LIBRARY OF CONGRESS CALL NUMBER
Classification number RC 941 Che.
100 ## - MAIN ENTRY--PERSONAL NAME
Personal name Light, Richard W
245 10 - TITLE STATEMENT
Title Chest medicine: essentials of pulmonary and critical care medicine. (4th ed.)
Statement of responsibility, etc. edited by George, Ronald B.; (and others)
250 ## - EDITION STATEMENT
Edition statement 4th ed.
260 ## - PUBLICATION, DISTRIBUTION, ETC.
Place of publication, distribution, etc. Philadelphia:
Name of publisher, distributor, etc. Lippincott Williams & Wilkins
Date of publication, distribution, etc. 2000
300 ## - PHYSICAL DESCRIPTION
Extent ix, 688p. : ill.
350 ## -
-- 0.00
650 ## - SUBJECT ADDED ENTRY--TOPICAL TERM
Topical term or geographic name entry element LUNG DISEASES
650 ## - SUBJECT ADDED ENTRY--TOPICAL TERM
Topical term or geographic name entry element MEDICINE
650 ## - SUBJECT ADDED ENTRY--TOPICAL TERM
Topical term or geographic name entry element RESPIRATORY INTENSIVE CARE
650 ## - SUBJECT ADDED ENTRY--TOPICAL TERM
Topical term or geographic name entry element CHEST--DISEASES
700 ## - ADDED ENTRY--PERSONAL NAME
Personal name George, Ronald B
700 ## - ADDED ENTRY--PERSONAL NAME
Personal name Matthay, Michael A
995 ## -
-- MEDICAL LIBRARY OPEN ACCESS
-- 0.00
-- 901386
-- CBU-SCHOOL OF MEDICINE LIBRARY (Ndola)
-- 1
-- 0.00
-- RC 941 Che.
-- 1
-- AVAILABLE
-- Oct 5, 2011
-- 901386
-- Medical Library Open Access Collection
999 ## -
-- 30958
-- 30958
Holdings
Withdrawn status Lost status Source of classification or shelving scheme Damaged status Not for loan Permanent Location Current Location Shelving location Date acquired Total Checkouts Full call number Barcode Date last seen Price effective from Koha item type
          CBU-SCHOOL OF MEDICINE LIBRARY, NDOLA. CBU-SCHOOL OF MEDICINE LIBRARY, NDOLA.   11/30/2022   RC 941 Che. 901386 11/30/2022 11/30/2022 MONOGRAPH